| 000 | 00357 a2200109 4500 | ||
|---|---|---|---|
| 001 | ART_15582 | ||
| 005 | 20260410161735.0 | ||
| 008 | 260409a | ||
| 245 | 1 | 0 | _aPlaneamiento estratégico y dinámica de la transformación empresaria |
| 100 | 1 | _aLevy, Alberto R. | |
| 773 | 0 |
_tEjecutivos de finanzas _g- Año 6, Nº 50 (oct. 1988) _wREV2863 |
|
| 999 |
_c18234 _d18234 |
||